|
|
|
|
| LEADER |
00000cam a22000004a 4500 |
| 001 |
musev2_79441 |
| 003 |
MdBmJHUP |
| 005 |
20230905052202.0 |
| 006 |
m o d |
| 007 |
cr||||||||nn|n |
| 008 |
170331s2016 inu o 00 0 eng d |
| 020 |
|
|
|a 9781575066813
|
| 035 |
|
|
|a (OCoLC)1287099099
|
| 040 |
|
|
|a MdBmJHUP
|c MdBmJHUP
|
| 100 |
1 |
|
|a Cook, John A.,
|e Verfasser.
|0 (DE-588)102582386.
|4 aut
|
| 245 |
1 |
0 |
|a Time and the Biblical Hebrew Verb :
|b The Expression of Tense, Aspect, and Modality in Biblical Hebrew /
|c John A. Cook.
|
| 250 |
|
|
|a Reprinted, with corrections.
|
| 264 |
|
1 |
|a Winona Lake, Indiana :
|b Eisenbrauns,
|c 2016
|
| 264 |
|
3 |
|a Baltimore, Md. :
|b Project MUSE,
|c 2021
|
| 264 |
|
4 |
|c ©2016
|
| 300 |
|
|
|a 1 online resource (400 pages):
|b Diagramme ;
|
| 336 |
|
|
|a text
|b txt
|2 rdacontent
|
| 337 |
|
|
|a computer
|b c
|2 rdamedia
|
| 338 |
|
|
|a online resource
|b cr
|2 rdacarrier
|
| 490 |
0 |
|
|a Linguistic studies in ancient West Semitic ;
|v 7
|
| 588 |
|
|
|a Description based on print version record.
|
| 650 |
|
7 |
|a Verb
|2 gnd
|
| 650 |
|
7 |
|a Aspekt
|g Linguistik
|2 gnd
|
| 650 |
|
7 |
|a Hebräisch
|2 gnd
|
| 650 |
|
7 |
|a Modalität
|g Linguistik
|2 gnd
|
| 650 |
|
7 |
|a Hebrew language
|x Verb.
|2 fast
|0 (OCoLC)fst00954329
|
| 650 |
|
7 |
|a Hebrew language
|x Tense.
|2 fast
|0 (OCoLC)fst00954321
|
| 650 |
|
4 |
|a Hebrew language
|x Verb.
|
| 650 |
|
4 |
|a Hebrew language
|x Tense.
|
| 650 |
|
0 |
|a Hebrew language
|x Verb.
|
| 650 |
|
0 |
|a Hebrew language
|x Tense.
|
| 630 |
0 |
4 |
|a Bible / O.T. / Language, style.
|
| 610 |
2 |
7 |
|a Europäische Kommission
|b Europaweites Mobilitätsprogramm für den Hochschulbereich
|2 gnd
|
| 655 |
|
7 |
|a Electronic books.
|2 local
|
| 710 |
2 |
|
|a Project Muse.
|e distributor
|
| 830 |
|
0 |
|a Book collections on Project MUSE.
|
| 856 |
4 |
0 |
|z Texto completo
|u https://projectmuse.uam.elogim.com/book/79441/
|
| 945 |
|
|
|a Project MUSE - Custom Collection
|